000 00348nam a2200169Ia 4500
100 _aPogue/David
650 _aWindows 8
942 _cBK
366 _f20
654 _awindows 8
245 _aWindows 8:The missing manual
260 _bOreilly
_c2013
082 _a5.43
_bPOG
300 _a905
546 _aENGLISH
_cComputers
999 _c24399
_d24399